Extraordinary Accounts of the Company in Liquidation

Gespeichert in:
Bibliographische Detailangaben
1. Verfasser: Manová, Eva, 1957-
Format: Buchkapitel
Sprache:Englisch
Schlagworte:
Tags: Tag hinzufügen
Keine Tags, Fügen Sie das erste Tag hinzu!

MARC

LEADER 00000nla a2200000 4500
001 0227412
005 20240502073740.3
041 0 |a eng 
044 |a SK 
245 1 0 |a Extraordinary Accounts of the Company in Liquidation  |c Eva Manová 
500 |a Abstrakt 
610 2 0 |a metódy účtovné 
610 2 0 |a obdobie účtovné 
610 2 0 |a dokumentácia účtovná 
610 2 0 |a postupy účtovné 
610 2 0 |a závierka účtovná konsolidovaná 
610 2 0 |a likvidácia podniku 
100 1 |a Manová, Eva, 1957-